Obálka Náhled e-knihy:
PDF Epub
Pro půjčování e-knih musíte být přihlášeni.
Jak si půjčit online?

Enderova hra /

Vládne agentúry cvičia detských géniov ako vojakov proti mimozemskej hrozbe. Šesťročný Andrew „Ender“ Wiggin, talentovaný stratég, prechádza tvrdým výcvikom v Bojovej škole. Čelí izolácii, rivalite a strachu, že sa stane rovnako krutým ako jeho brat. Enderova genialita môže rozhodnúť o osude Zeme, n...

Celý popis

Uloženo v:
Série:Enderova sága (SK), část 1
Hlavní autor: Card, Orson Scott (Autor)
Médium: E-kniha
Jazyk:Czech
Vydáno: Praha : Albatros Media Slovakia s.r.o., 2025
Příbuzné jednotky:Z cyklu:: Enderova sága (SK)
Tagy:
Žádné tagy
LEADER 01504nam a22002417i 4500
001 303377
007 ta
008 260519s2025 xr ||||| |||| 00| 0 cze d
020 |a 9788056645819 
044 |a xr 
100 1 |a  Card, Orson Scott  |4 aut 
245 1 0 |a Enderova hra /  |c  Card, Orson Scott 
240 1 0 |a Ender's Game 
264 1 |a Praha :  |b Albatros Media Slovakia s.r.o.,  |c 2025 
300 |a 1 online zdroj (352 stran) 
336 |a text  |b txt  |2 rdacontent 
337 |a bez média  |b n  |2 rdamedia 
338 |a online zdroj  |b cr  |2 rdacarrier 
520 2 |a Vládne agentúry cvičia detských géniov ako vojakov proti mimozemskej hrozbe. Šesťročný Andrew „Ender“ Wiggin, talentovaný stratég, prechádza tvrdým výcvikom v Bojovej škole. Čelí izolácii, rivalite a strachu, že sa stane rovnako krutým ako jeho brat. Enderova genialita môže rozhodnúť o osude Zeme, no tlak je obrovský. Je on tým generálom, ktorého ľudstvo potrebuje, alebo len ďalšou obeťou vojny s hmyzákmi? 
787 0 8 |g 1  |i Z cyklu:  |t Enderova sága (SK) 
910 |a RBIT002 
998 |d 426911  |a https://core.palmknihy.cz/api/books/426911/cover?tesghk  |b https://core.palmknihy.cz/api/books/426911/cover/400?tesghk  |c https://core.palmknihy.cz/api/books/426911/cover/50?tesghk  |e 2029-05-10  |g 352  |i 9788056645819  |j https://core.palmknihy.cz/api/books/426911/preview.epub  |k https://core.palmknihy.cz/api/books/426911/preview.pdf  |l   |q 49  |r 1  |s https://www.palmknihy.cz/kniha/426911  |t ebook  |y 2025  |z 1  |v Enderova sága (SK)  |w 1 
999 |d 303375